000 00524nam a2200169Ia 4500
008 220216s9999 xx 000 0 und d
100 _aAtminingsih
245 0 _aAssembly of gSS-CUT exploitation system on slow starter clones and stimulation with ethylene gas
260 _bIRRDB International Rubber Conference 14-17 December 2011 Chiang
650 _aEthylene gas
650 _aExploitation system
650 _aRubber
650 _aSlow starter clones
700 _aJunaidi
700 _aSumarmadji
942 _cJS
999 _c54521
_d54521